A writer's reference, 6/e (Record no. 317599)

000 -LEADER
fixed length control field 00411 a2200145 4500
001 - CONTROL NUMBER
control field 82526
082 ## - DEWEY DECIMAL CLASSIFICATION NUMBER
Classification number 425 HAC
090 ## - LOCALLY ASSIGNED LC-TYPE CALL NUMBER (OCLC); LOCAL CALL NUMBER (RLIN)
-- 39964
-- 39964
100 ## - MAIN ENTRY--PERSONAL NAME
Personal name Diana Hacker ; Nancy Sommers ; Tom Jehn ; Jane Rosenzweig
245 ## - TITLE STATEMENT
Title A writer's reference, 6/e
Remainder of title includes 2009 MLA & 2010 APA updates
250 ## - EDITION STATEMENT
Edition statement 6
260 ## - PUBLICATION, DISTRIBUTION, ETC.
Place of publication, distribution, etc. NY
Name of publisher, distributor, etc. Bedford/St Martins
Date of publication, distribution, etc. 2009
300 ## - PHYSICAL DESCRIPTION
Extent xxxv, 547 p.
500 ## - GENERAL NOTE
General note BE textbook H & S
942 ## - ADDED ENTRY ELEMENTS (KOHA)
Institution code [OBSOLETE] NUST CAE
Call number prefix 425 HAC
Holdings
Withdrawn status Lost status Damaged status Not for loan Collection code Permanent Location Current Location Date acquired Total Checkouts Full call number Barcode Date last seen Price effective from Koha item type
          College of Aeronautical Engineering (CAE) College of Aeronautical Engineering (CAE) 04/03/2017   425 HAC CAE82409 04/05/2017 04/05/2017 Book
© 2023 Central Library, National University of Sciences and Technology. All Rights Reserved.